Nazwy państw A-Z z literami A-Ż - Statystyki

Ogólne statystyki
  • Ten quiz został rozwiązany 216 razy
  • Średni wynik to 268 z 404
Statystyki odpowiedzi
Zaczyna się na Zawiera # możliwości Przykład Odpowiedź % Poprawnych
J P 1 Japonia
100%
A A 12 Afganistan
93%
A N 8 Afganistan
93%
B A 13 Bahamy
92%
B B 17 Bahamy
92%
B I 11 Belgia
92%
A R 9 Algieria
89%
C C 7 Chile
89%
B E 6 Bangladesz
88%
B R 9 Bahrajn
88%
H A 4 Haiti
88%
H H 4 Haiti
88%
A I 8 Afganistan
87%
G A 11 Gabon
87%
G G 11 Gabon
87%
A L 4 Algieria
86%
B L 5 Bangladesz
86%
C H 4 Chile
86%
D A 4 Dania
86%
D D 5 Dania
86%
D I 5 Dania
86%
D N 4 Dania
86%
F F 4 Fidżi
86%
K A 13 Kambodża
86%
K K 17 Kambodża
86%
M M 17 Macedonia Północna
86%
B G 4 Bangladesz
85%
C Y 3 Chiny
85%
F N 3 Filipiny
85%
H I 3 Haiti
85%
H N 3 Hiszpania
85%
J J 4 Jamajka
85%
J N 3 Japonia
85%
N N 9 Namibia
85%
C Z 3 Czad
84%
I A 6 Indonezja
84%
I I 7 Indie
84%
J A 3 Jamajka
84%
S A 21 Saint Kitts i Nevis
84%
S S 22 Saint Kitts i Nevis
84%
A B 4 Albania
83%
A D 4 Andora
83%
A T 5 Afganistan
83%
B O 6 Barbados
83%
E A 5 Ekwador
83%
E E 6 Egipt
83%
E T 5 Egipt
83%
F A 2 Finlandia
83%
G E 6 Grecja
83%
G R 4 Grecja
83%
J I 2 Japonia
83%
J O 2 Japonia
83%
K N 8 Kazachstan
83%
L L 8 Laos
83%
M A 16 Macedonia Północna
83%
N A 7 Namibia
83%
N E 6 Nepal
83%
N I 7 Namibia
83%
P A 7 Pakistan
83%
P P 8 Pakistan
83%
A G 5 Afganistan
82%
A S 4 Afganistan
82%
G J 3 Grecja
82%
I N 5 Indonezja
82%
R A 6 Republika Południowej Afryki
82%
R R 6 Republika Południowej Afryki
82%
A E 4 Algieria
81%
A U 4 Antigua i Barbuda
81%
B U 6 Bhutan
81%
F I 3 Fidżi
81%
K O 8 Kambodża
81%
L I 5 Liban
81%
B N 9 Bahrajn
80%
C E 2 Chile
80%
C N 2 Chiny
80%
C R 3 Chorwacja
80%
E I 4 Egipt
80%
E O 3 Ekwador
80%
I R 4 Irak
80%
L A 5 Laos
80%
P L 3 Palau
80%
W N 6 Watykan
80%
W W 10 Watykan
80%
C A 3 Chorwacja
79%
F C 1 Francja
79%
F J 1 Francja
79%
F R 1 Francja
79%
I D 4 Indie
79%
K D 3 Kambodża
79%
K I 5 Kenia
79%
L T 3 Lesotho
79%
Ł A 1 Łotwa
79%
Ł Ł 1 Łotwa
79%
Ł O 1 Łotwa
79%
Ł T 1 Łotwa
79%
Ł W 1 Łotwa
79%
P O 3 Papua-Nowa Gwinea
79%
R O 4 Republika Południowej Afryki
79%
S C 6 Saint Lucia
79%
S E 9 Saint Kitts i Nevis
79%
S I 14 Saint Kitts i Nevis
79%
S N 13 Saint Kitts i Nevis
79%
S O 9 Salwador
79%
T T 12 Tadżykistan
79%
U A 4 Uganda
79%
U U 4 Uganda
79%
W A 7 Watykan
79%
W E 5 Wenezuela
79%
W Y 8 Watykan
79%
F D 2 Fidżi
78%
K R 8 Kirgistan
78%
N R 5 Nauru
78%
S R 10 Saint Vincent i Grenadyny
78%
T A 10 Tadżykistan
78%
W K 4 Watykan
78%
P K 2 Pakistan
77%
P S 2 Pakistan
77%
R J 2 Republika Południowej Afryki
77%
R N 4 Republika Południowej Afryki
77%
S Z 4 Seszele
77%
W T 4 Watykan
77%
H S 2 Hiszpania
76%
M I 10 Macedonia Północna
76%
M K 6 Madagaskar
76%
N G 4 Niger
76%
R I 4 Republika Południowej Afryki
76%
R U 4 Republika Południowej Afryki
76%
Z A 3 Zambia
76%
Z B 3 Zambia
76%
Z I 3 Zambia
76%
Z M 3 Zambia
76%
Z Z 3 Zambia
76%
A J 2 Arabia Saudyjska
75%
B Ł 2 Białoruś
75%
B Z 3 Bangladesz
75%
D K 3 Demokratyczna Republika Konga
75%
D M 3 Demokratyczna Republika Konga
75%
D O 3 Demokratyczna Republika Konga
75%
M O 7 Macedonia Północna
75%
T U 4 Tunezja
75%
U N 3 Uganda
75%
W I 4 Wielka Brytania
75%
W L 4 Wenezuela
75%
B H 4 Bahamy
74%
B Ś 2 Białoruś
74%
B W 3 Boliwia
74%
C O 2 Chorwacja
74%
F L 2 Filipiny
74%
I L 3 Irlandia
74%
K S 4 Kazachstan
74%
K T 6 Kazachstan
74%
K U 5 Kamerun
74%
O A 1 Oman
74%
O M 1 Oman
74%
O N 1 Oman
74%
O O 1 Oman
74%
P G 3 Papua-Nowa Gwinea
74%
P I 2 Pakistan
74%
P U 4 Palau
74%
R S 2 Republika Środkowoafrykańska
74%
S D 5 Saint Vincent i Grenadyny
74%
T R 4 Timor Wschodni
74%
W R 4 Węgry
74%
A O 2 Andora
73%
C I 2 Chile
73%
E N 2 Estonia
73%
E S 2 Estonia
73%
K E 5 Kamerun
73%
M E 6 Macedonia Północna
73%
M L 6 Macedonia Północna
73%
S J 4 Słowacja
73%
S Y 4 Saint Vincent i Grenadyny
73%
U I 2 Ukraina
73%
U K 2 Ukraina
73%
U R 2 Ukraina
73%
M N 6 Macedonia Północna
72%
W O 4 Wybrzeże Kości Słoniowej
72%
A Y 2 Arabia Saudyjska
71%
H D 2 Holandia
71%
H O 2 Holandia
71%
I E 3 Indie
71%
L S 4 Laos
71%
N M 2 Namibia
71%
P R 3 Paragwaj
71%
S W 6 Salwador
71%
T J 4 Tajlandia
71%
W C 3 Włochy
71%
D B 2 Demokratyczna Republika Konga
70%
D T 2 Demokratyczna Republika Konga
70%
D U 2 Demokratyczna Republika Konga
70%
G C 1 Grecja
70%
I Z 2 Indonezja
70%
K W 3 Korea Południowa
70%
M D 4 Macedonia Północna
70%
E P 2 Egipt
69%
G U 3 Gruzja
69%
K C 2 Kazachstan
69%
P T 2 Pakistan
69%
S T 4 Saint Kitts i Nevis
69%
T N 9 Tadżykistan
69%
W Ł 2 Włochy
69%
K B 4 Kambodża
68%
L E 4 Lesotho
68%
W B 2 Wielka Brytania
68%
B Y 2 Bahamy
67%
G N 7 Gabon
67%
J M 2 Jamajka
67%
L B 4 Liban
67%
L W 1 Litwa
67%
M S 3 Madagaskar
67%
W Z 3 Wenezuela
67%
Z E 2 Zimbabwe
67%
B S 4 Bangladesz
66%
H P 1 Hiszpania
66%
H Z 1 Hiszpania
66%
M R 5 Madagaskar
66%
N O 2 Norwegia
66%
N W 2 Norwegia
66%
A F 1 Afganistan
64%
A Z 1 Azerbejdżan
64%
A Ż 1 Azerbejdżan
64%
K M 4 Kambodża
64%
R D 4 Republika Południowej Afryki
64%
S L 7 Saint Lucia
64%
W H 2 Włochy
64%
K G 2 Kirgistan
63%
R B 3 Republika Południowej Afryki
63%
R E 3 Republika Południowej Afryki
63%
R K 3 Republika Południowej Afryki
63%
R L 4 Republika Południowej Afryki
63%
R P 3 Republika Południowej Afryki
63%
R W 3 Republika Południowej Afryki
63%
R Y 3 Republika Południowej Afryki
63%
T I 6 Tadżykistan
63%
U G 2 Uganda
63%
V A 1 Vanuatu
63%
V N 1 Vanuatu
63%
V T 1 Vanuatu
63%
V U 1 Vanuatu
63%
V V 1 Vanuatu
63%
C G 1 Czarnogóra
62%
C Ó 1 Czarnogóra
62%
D C 1 Demokratyczna Republika Konga
62%
D E 1 Demokratyczna Republika Konga
62%
D G 1 Demokratyczna Republika Konga
62%
D L 1 Demokratyczna Republika Konga
62%
D P 1 Demokratyczna Republika Konga
62%
D R 1 Demokratyczna Republika Konga
62%
D Y 1 Demokratyczna Republika Konga
62%
D Z 1 Demokratyczna Republika Konga
62%
M Ł 2 Macedonia Północna
62%
T C 2 Timor Wschodni
62%
E R 2 Ekwador
61%
G W 4 Gwatemala
61%
I K 1 Irak
61%
J E 1 Jemen
61%
L H 2 Lesotho
61%
B D 3 Bangladesz
60%
G I 4 Gambia
60%
H L 1 Holandia
60%
I J 1 Indonezja
60%
I O 1 Indonezja
60%
J D 1 Jordania
60%
J R 1 Jordania
60%
L N 2 Liban
60%
L R 2 Liberia
60%
M G 2 Madagaskar
60%
T D 4 Tadżykistan
60%
W Ę 2 Węgry
60%
W G 2 Węgry
60%
B C 1 Bośnia i Hercegowina
59%
E G 1 Egipt
59%
E W 2 Ekwador
59%
G B 3 Gabon
59%
G M 2 Gambia
59%
K H 1 Kazachstan
59%
K Z 1 Kazachstan
59%
N L 2 Nepal
59%
P N 3 Pakistan
59%
T E 2 Tunezja
59%
C P 1 Cypr
58%
K Ł 2 Korea Północna
58%
K P 2 Korea Północna
58%
M Y 2 Malediwy
58%
R F 2 Republika Południowej Afryki
58%
F Ż 1 Fidżi
57%
G Z 1 Gruzja
57%
M T 3 Malta
57%
M W 3 Malawi
57%
Z C 1 Zjednoczone Emiraty Arabskie
57%
Z D 1 Zjednoczone Emiraty Arabskie
57%
Z J 1 Zjednoczone Emiraty Arabskie
57%
Z K 1 Zjednoczone Emiraty Arabskie
57%
Z N 1 Zjednoczone Emiraty Arabskie
57%
Z O 1 Zjednoczone Emiraty Arabskie
57%
Z R 1 Zjednoczone Emiraty Arabskie
57%
Z S 1 Zjednoczone Emiraty Arabskie
57%
Z T 1 Zjednoczone Emiraty Arabskie
57%
Z Y 1 Zjednoczone Emiraty Arabskie
57%
A M 1 Armenia
56%
P E 2 Papua-Nowa Gwinea
56%
U B 1 Uzbekistan
56%
U E 1 Uzbekistan
56%
U S 1 Uzbekistan
56%
U T 1 Uzbekistan
56%
U Z 1 Uzbekistan
56%
W M 4 Wietnam
56%
A K 1 Arabia Saudyjska
55%
L C 1 Liechtenstein
55%
N C 1 Niemcy
55%
N Y 1 Niemcy
55%
R Ł 1 Republika Południowej Afryki
55%
R M 1 Rumunia
55%
S Ł 2 Słowacja
55%
S M 4 Samoa
55%
S U 5 Saint Lucia
55%
T S 3 Tadżykistan
55%
U J 1 Urugwaj
55%
U W 1 Urugwaj
55%
Z W 1 Zimbabwe
55%
B T 2 Bhutan
54%
C J 1 Chorwacja
54%
C W 1 Chorwacja
54%
G O 2 Gabon
54%
K Ó 1 Korea Północna
54%
L G 1 Luksemburg
54%
L K 1 Luksemburg
54%
L M 1 Luksemburg
54%
L O 2 Laos
54%
L U 1 Luksemburg
54%
M Z 3 Malezja
54%
P W 2 Papua-Nowa Gwinea
54%
T K 2 Tadżykistan
54%
T Y 2 Tadżykistan
54%
I S 1 Islandia
53%
M J 3 Malezja
53%
C D 1 Czad
52%
D Ż 1 Dżibuti
51%
F P 1 Filipiny
51%
F Y 1 Filipiny
51%
C L 1 Chile
50%
E D 1 Ekwador
50%
E K 1 Ekwador
50%
G H 1 Ghana
50%
H T 1 Haiti
50%
S G 3 Saint Vincent i Grenadyny
50%
T L 2 Tajlandia
50%
T O 4 Timor Wschodni
50%
T Ż 1 Tadżykistan
50%
W S 4 Wybrzeże Kości Słoniowej
50%
W U 1 Wenezuela
50%
T M 2 Timor Wschodni
49%
G L 1 Gwatemala
48%
G T 1 Gwatemala
48%
M C 1 Macedonia Północna
48%
M Ó 1 Macedonia Północna
48%
M P 1 Macedonia Północna
48%
H R 1 Honduras
47%
H U 1 Honduras
47%
T G 3 Togo
47%
E Y 1 Erytrea
46%
J K 1 Jamajka
46%
T Z 2 Tanzania
46%
W Ś 2 Wybrzeże Kości Słoniowej
46%
W Ż 2 Wybrzeże Kości Słoniowej
46%
G K 1 Gwinea Równikowa
45%
G Ó 1 Gwinea Równikowa
45%
K Y 2 Komory
45%
N D 1 Nowa Zelandia
45%
N U 2 Nauru
45%
N Z 1 Nowa Zelandia
45%
N B 1 Namibia
43%
K Ż 1 Kambodża
42%
M U 2 Mauretania
42%
U D 1 Uganda
42%
B J 1 Bahrajn
41%
K L 1 Kolumbia
41%
N P 1 Nepal
41%
P J 1 Paragwaj
41%
B F 1 Burkina Faso
40%
B K 1 Burkina Faso
40%
G S 1 Gwinea Bissau
40%
R Ą 1 Republika Zielonego Przylądka
40%
R G 1 Republika Zielonego Przylądka
40%
R Ń 1 Republika Środkowoafrykańska
40%
R Ś 1 Republika Środkowoafrykańska
40%
R Z 1 Republika Zielonego Przylądka
40%
S B 1 Serbia
40%
W P 3 Wyspy Marshalla
40%
S K 2 Saint Kitts i Nevis
39%
T V 1 Tuvalu
38%
B M 1 Bahamy
36%
W J 1 Wybrzeże Kości Słoniowej
36%
P M 1 Panama
34%
S P 2 Singapur
34%
G D 1 Grenada
32%
M B 1 Mozambik
32%
N K 1 Nikaragua
32%
S V 2 Saint Kitts i Nevis
32%
T B 1 Trynidad i Tobago
32%
T W 2 Tajwan
32%
W Ą 1 Wyspy Świętego Tomasza i Książęca
31%
K J 1 Kuwejt
29%
T H 1 Timor Wschodni
21%
Nie znaleziono quizów pasujących do podanych kryteriów
Rozkład punktacji
Procent ludzi z każdym wynikiem
Percentyl według liczby udzielonych odpowiedzi
Twoja historia wyników
Nie rozwiązałeś tego quizu